000 nam a22 7a 4500
999 _c9571
_d9571
008 180205b ||||| |||| 00| 0 eng d
100 _aTayal, B B
_95722
245 _aComposite social science for us - 6
260 _aNew Delhi
_bArya Publication
_c2007